[Event "Challenge"]
[Site "http://www.queenalice.com/game.php?id=1151329"]
[Date "2013.2.12"]
[Round "-"]
[White "alyne_gracyelle"]
[Black "josebaron"]
[Result "0-1"]
[WhiteElo "1743"]
[BlackElo "1824"]

1. e4 e5 2. Nf3 Nc6 3. Nc3 Nf6 4. Bc4 Be7 5. b3 d6 6. Bb2 Nd4 7. O-O Bg4 8. Nd5
Nxf3+ 9. gxf3 Bh5 10. d3 Nxd5 11. exd5 f5 12. Bb5+ Kf8 13. Kh1 a6 14. Bc4 b5 15.
Qe2 bxc4 16. dxc4 Bf6 17. Rae1 e4 18. Bxf6 Qxf6 19. Rg1 Bxf3+ 0-1

[Event "Challenge"]
[Site "http://www.queenalice.com/game.php?id=1171805"]
[Date "2013.4.15"]
[Round "-"]
[White "josebaron"]
[Black "alyne_gracyelle"]
[Result "1-0"]
[WhiteElo "1883"]
[BlackElo "1737"]

1. e4 e5 2. Bc4 Bc5 3. Qh5 Qf6 4. Qf3 d6 5. h3 Nc6 6. c3 Bd7 7. d3 Nce7 8. Be3
Bxe3 9. Qxe3 c6 10. Nf3 b5 11. Bb3 d5 12. exd5 Nxd5 13. Qxe5+ Qxe5+ 14. Nxe5 Be6
15. Nxc6 Ngf6 16. O-O O-O 17. Bxd5 Nxd5 18. Nd4 Rab8 19. Re1 Rfe8 20. Nxe6 fxe6
21. d4 Nf4 22. Re3 Nd5 23. Re4 a5 24. a3 Nf6 25. Re5 Kf7 26. Nd2 Nd7 27. Re3 Nb6
28. Nf3 h6 29. Ne5+ Kg8 30. Nc6 Ra8 31. f4 Nd5 32. Rf3 Nf6 33. Re1 Ra6 34. Ne5
Rd6 35. Nd3 Nd7 36. f5 Nb6 37. f6 Kf7 38. Ne5+ Kg8 39. f7+ Kf8 40. Ng6# 1-0

[Event "AUTO-ADV-2820"]
[Site "http://www.queenalice.com/game.php?id=1171823"]
[Date "2013.4.15"]
[Round "1"]
[White "alyne_gracyelle"]
[Black "nnetto"]
[Result "0-1"]
[WhiteElo "1693"]
[BlackElo "1805"]

1. e4 c5 2. Nf3 d6 3. Bc4 Nf6 4. Nc3 a6 5. d3 Nc6 6. Bf4 Na5 7. O-O Nxc4 8. b3
Nb6 9. Re1 e5 10. Bg3 Be7 11. a4 O-O 12. a5 Nbd7 13. Nd5 Nxd5 14. exd5 Nf6 15.
c4 Nh5 16. Qe2 f5 17. h3 Nxg3 18. fxg3 Bd7 19. Nd2 Qc7 20. Nf3 f4 21. g4 Rae8
22. Ra2 Rb8 23. Qd2 b5 24. Qc2 Rb7 25. Re2 Rfb8 0-1

[Event "AUTO-ADV-2820"]
[Site "http://www.queenalice.com/game.php?id=1171824"]
[Date "2013.4.15"]
[Round "1"]
[White "nnetto"]
[Black "alyne_gracyelle"]
[Result "1-0"]
[WhiteElo "1769"]
[BlackElo "1727"]

1. e4 e5 2. Nf3 Nc6 3. Bc4 d6 4. O-O Bg4 5. h3 Bh5 6. d3 Nd4 7. g4 Nxf3+ 8. Qxf3
Bg6 9. Nc3 Nf6 10. g5 Bh5 11. Qg3 Nd7 12. f4 Qe7 13. Qh4 g6 14. Nd5 Qd8 15. fxe5
dxe5 16. Ne3 Be7 17. Bxf7+ Kf8 18. Bxg6+ Kg7 19. Bxh5 Rf8 20. Nf5+ Kg8 21. Nh6+
Kg7 22. Nf7 Rxf7 23. Rxf7+ Kg8 24. Bg6 Nf8 25. Rxf8+ Qxf8 26. Qxh7# 1-0

[Event "AUTO-ADV-2820"]
[Site "http://www.queenalice.com/game.php?id=1171827"]
[Date "2013.4.15"]
[Round "1"]
[White "alyne_gracyelle"]
[Black "vult0"]
[Result "1-0"]
[WhiteElo "1681"]
[BlackElo "1780"]

1. e4 e5 2. Nf3 d6 3. Nc3 Nc6 4. Bc4 Nd4 5. d3 h6 6. Be3 Ne6 7. O-O Nf6 8. Re1
Be7 9. d4 exd4 10. Bxd4 a5 11. e5 Nd7 12. exd6 cxd6 13. Bxe6 fxe6 14. Rxe6 Nf6
15. Re1 O-O 16. Qd2 Qd7 17. Bxf6 Bxf6 18. Rab1 Qf7 19. Qxd6 Rd8 20. Qc5 Be6 21.
Ne5 Bxe5 22. Qxe5 Re8 23. Qc5 Bf5 24. a3 Bxc2 25. Rbc1 Ra6 26. g3 Rae6 27. Rxe6
Qxe6 28. Nb5 Qh3 29. Qxc2 1-0

[Event "AUTO-ADV-2820"]
[Site "http://www.queenalice.com/game.php?id=1171828"]
[Date "2013.4.15"]
[Round "1"]
[White "vult0"]
[Black "alyne_gracyelle"]
[Result "1-0"]
[WhiteElo "1780"]
[BlackElo "1718"]

1. e4 e5 2. Nf3 Nc6 3. c3 Bc5 4. b4 Bb6 5. Bc4 h6 6. a4 a6 7. O-O Nf6 8. d4 O-O
9. Be3 exd4 10. cxd4 Nxb4 11. Nc3 d6 12. h3 Re8 13. Nd2 c6 14. f3 d5 15. exd5
cxd5 16. Bf2 Bf5 17. Bb3 Nd3 18. Ne2 Nxf2 19. Rxf2 Bd3 20. Kh1 Bxe2 21. Rxe2
Bxd4 22. Rb1 Qd6 23. Nf1 Bb6 24. Rd2 Rad8 25. Rd3 Bc7 26. Bc4 Rd7 27. Rxb7 Red8
28. Kg1 Qc6 29. Rxc7 Rxc7 30. Bb3 Qc5+ 31. Kh1 Qc1 32. Qe2 Qf4 33. Bc2 Nh5 34.
Kg1 Rc6 35. Rxd5 Qf6 36. Rxh5 Re6 37. Qf2 Rde8 38. Be4 Qa1 39. Qg3 Qxa4 40. Ne3
Qd4 41. Qe1 a5 42. Rxa5 1-0

[Event "AUTO-OPEN-2967"]
[Site "http://www.queenalice.com/game.php?id=1171934"]
[Date "2013.4.15"]
[Round "1"]
[White "proficio"]
[Black "alyne_gracyelle"]
[Result "1-0"]
[WhiteElo "2079"]
[BlackElo "1691"]

1. e4 e5 2. Nf3 Nc6 3. Bb5 d6 4. d4 Bd7 5. c4 Nge7 6. Nc3 a6 7. Ba4 g6 8. dxe5
Nxe5 9. Nxe5 dxe5 10. Bxd7+ Qxd7 11. Qxd7+ Kxd7 12. Ke2 Rd8 13. Bg5 Kc8 14. Nd5
Re8 15. Bf6 Rg8 16. f3 Nxd5 17. cxd5 Bg7 18. Bg5 1-0

[Event "AUTO-OPEN-2967"]
[Site "http://www.queenalice.com/game.php?id=1171935"]
[Date "2013.4.15"]
[Round "1"]
[White "alyne_gracyelle"]
[Black "proficio"]
[Result "0-1"]
[WhiteElo "1693"]
[BlackElo "2077"]

1. e4 c5 2. Nf3 e6 3. Nc3 d5 4. exd5 exd5 5. Bd3 Nf6 6. O-O Be7 7. Re1 O-O 8. b3
Bg4 9. h3 Bh5 10. Bb2 a6 11. Be2 Nc6 12. d4 Bxf3 13. Bxf3 Re8 14. dxc5 Bxc5 15.
Na4 Rxe1+ 16. Qxe1 Be7 17. Rd1 Qd6 0-1

[Event "AUTO-OPEN-2967"]
[Site "http://www.queenalice.com/game.php?id=1171956"]
[Date "2013.4.15"]
[Round "1"]
[White "adilsonig"]
[Black "alyne_gracyelle"]
[Result "1-0"]
[WhiteElo "2120"]
[BlackElo "1697"]

1. e4 e5 2. Nf3 Nc6 3. Bb5 d6 4. d4 a6 5. Bxc6+ bxc6 6. dxe5 Bb7 7. Nc3 d5 8.
exd5 cxd5 9. O-O Bc5 10. Nd4 Ne7 11. e6 O-O 12. Re1 Qd6 13. a3 Bxd4 14. Qxd4
fxe6 15. Ne2 Nf5 16. Qg4 e5 17. Ng3 Nxg3 18. Qxg3 g6 19. Rxe5 1-0

[Event "AUTO-OPEN-2967"]
[Site "http://www.queenalice.com/game.php?id=1171957"]
[Date "2013.4.15"]
[Round "1"]
[White "alyne_gracyelle"]
[Black "adilsonig"]
[Result "0-1"]
[WhiteElo "1695"]
[BlackElo "2121"]

1. e4 c5 2. Nf3 Nc6 3. Bc4 e6 4. Nc3 Be7 5. d3 Bf6 6. Bf4 d6 7. O-O Nge7 8. Re1
O-O 9. Qd2 a6 10. a3 b5 11. Ba2 b4 12. axb4 cxb4 13. Na4 Ng6 14. Bg3 a5 15. Rab1
Ba6 0-1

[Event "Challenge"]
[Site "http://www.queenalice.com/game.php?id=1172179"]
[Date "2013.4.16"]
[Round "-"]
[White "Narciso"]
[Black "alyne_gracyelle"]
[Result "0-1"]
[WhiteElo "1231"]
[BlackElo "1716"]

1. d3 e5 2. e3 Nc6 3. a3 Nf6 4. Nc3 Bc5 5. Qf3 d6 6. d4 exd4 7. Nd1 dxe3 8. Bxe3
O-O 9. Bd3 Bg4 10. Qg3 Bxe3 11. fxe3 Bh5 12. Qh4 Bg6 13. Nf2 Bxd3 14. cxd3 Re8
15. e4 Nd4 16. O-O-O c5 0-1

[Event "OS INCLIVEIS"]
[Site "http://www.queenalice.com/game.php?id=1180032"]
[Date "2013.5.9"]
[Round "-"]
[White "adelio"]
[Black "alyne_gracyelle"]
[Result "1-0"]
[WhiteElo "1724"]
[BlackElo "1713"]

1. d4 d5 2. e4 c5 3. c4 Nc6 4. dxc5 d4 5. g4 Qa5+ 6. Qd2 e5 7. b4 Qxb4 8. Qxb4
Nxb4 9. Na3 Bxc5 10. h3 Ne7 11. Nf3 Ng6 12. Ng5 O-O 13. Be2 h6 14. h4 hxg5 15.
hxg5 Nf4 16. Bxf4 exf4 17. Kd2 Nc6 18. Rh3 Ne5 19. Rah1 Ng6 20. Nc2 Be6 21. f3
a6 22. Bd3 b5 23. e5 bxc4 24. Rh8+ Nxh8 25. Bh7# 1-0

[Event "Challenge"]
[Site "http://www.queenalice.com/game.php?id=1190439"]
[Date "2013.6.12"]
[Round "-"]
[White "vivoferreira"]
[Black "alyne_gracyelle"]
[Result "0-1"]
[WhiteElo "1582"]
[BlackElo "1689"]

1. e4 e5 2. Nf3 Nc6 3. d4 exd4 4. Nxd4 Nf6 5. Bg5 h6 6. Nxc6 dxc6 7. Qxd8+ Kxd8
8. Bxf6+ gxf6 9. Bd3 Bc5 10. Nc3 Be6 11. Rd1 Rg8 12. g3 Kd7 13. Ba6+ Bd6 14. Bd3
Rad8 15. f4 Kc8 16. b3 Bb4 17. Kd2 Bg4 18. Rde1 Rd7 19. f5 Rgd8 20. h3 Bxc3+ 21.
Kxc3 Bf3 22. Rh2 Rg8 23. g4 h5 24. Be2 hxg4 25. hxg4 Bxg4 26. Bxg4 Rxg4 27. Rh6
Rd6 28. Re3 Kd7 29. e5 fxe5 30. Rxd6+ cxd6 31. Kd3 Ke7 32. Rf3 Kf6 33. c4 Rf4
34. Rxf4 exf4 35. Ke4 b6 36. Kxf4 a6 37. a4 d5 38. Ke3 Kxf5 39. Kd4 dxc4 40.
Kxc4 Ke5 41. b4 f5 42. a5 bxa5 43. bxa5 f4 44. Kc5 f3 45. Kxc6 f2 0-1

[Event "Challenge"]
[Site "http://www.queenalice.com/game.php?id=1190442"]
[Date "2013.6.12"]
[Round "-"]
[White "alyne_gracyelle"]
[Black "vivoferreira"]
[Result "1-0"]
[WhiteElo "1705"]
[BlackElo "1270"]

1. e4 e6 2. Nf3 c5 3. Nc3 a6 4. Bc4 Nc6 5. a3 g6 6. d4 b5 7. Ba2 cxd4 8. Nxd4
Bb7 9. Be3 Bg7 10. O-O Nxd4 11. Bxd4 f6 12. Re1 e5 13. Bc5 Rc8 14. Be3 Ne7 15.
Qd2 Nc6 16. Bh6 Rg8 17. Bxg8 Nd4 18. Bxh7 Kf7 19. Nd5 Bxd5 20. exd5 Qh8 21. c3
Nf5 22. Bxg6+ Kxg6 23. Bxg7 Nxg7 24. b3 Nf5 25. a4 Qh6 26. Qd3 Re8 27. axb5 axb5
28. Qxb5 Re7 29. c4 Nd4 30. Qb4 Rg7 31. Qc3 Kf7 32. b4 Qh5 33. Ra2 Qf3 34. Qxf3
Nxf3+ 35. Kf1 Nxe1 36. Kxe1 Rxg2 37. b5 Rxh2 38. b6 Rh8 39. Ra7 Ke7 40. Rc7 Rb8
41. c5 Kd8 42. d6 Ke8 43. b7 Kf7 44. Rxd7+ Ke6 45. c6 Kd5 46. Rf7 Kxd6 47. Rxf6+
Kc7 48. Ke2 Kb6 49. Ke3 Kc7 50. Ke4 Re8 51. Kd5 e4 52. Rf7+ Kb8 53. Kd6 e3 54.
fxe3 Rxe3 55. Kc5 Rc3+ 56. Kb6 Rb3+ 57. Ka6 Ra3+ 58. Kb6 Rb3+ 59. Kc5 Ka7 60.
Rf8 1-0

[Event "Challenge"]
[Site "http://www.queenalice.com/game.php?id=1238941"]
[Date "2013.12.10"]
[Round "-"]
[White "brendinha15"]
[Black "alyne_gracyelle"]
[Result "0-1"]
[WhiteElo "1049"]
[BlackElo "1703"]

1. Nf3 d5 2. d4 Nf6 3. e3 Bg4 4. Be2 e6 5. h3 Bxf3 6. gxf3 Nc6 7. Bd2 Be7 8. O-O
O-O 9. f4 Ne4 10. Bf3 Bh4 11. Qe1 Qf6 12. Nc3 Bxf2+ 13. Rxf2 Nxf2 14. Qxf2 Nb4
15. Bd1 Qg6+ 16. Kf1 c6 0-1

[Event "Challenge"]
[Site "http://www.queenalice.com/game.php?id=1252662"]
[Date "2014.1.30"]
[Round "-"]
[White "vivoferreira"]
[Black "alyne_gracyelle"]
[Result "0-1"]
[WhiteElo "1268"]
[BlackElo "1707"]

1. e4 e5 2. Nf3 Nf6 3. Nxe5 Nxe4 4. Qe2 d5 5. d3 Qe7 6. dxe4 Qxe5 7. exd5 Qxe2+
8. Bxe2 Bd6 9. O-O O-O 10. Nc3 Bf5 11. Bd1 Nd7 12. f4 a6 13. a3 Rfe8 14. b3 Nf6
0-1